[Event "Sopsweps-Euwe 2-6"]
[Site "?"]
[Date "2005.09.24"]
[Round "1"]
[White "Smeele, Frank"]
[Black "Witt, Rob"]
[Result "0-1"]
[WhiteElo "2134"]
[BlackElo "2223"]
[Annotator "Witt,Rob"]
[PlyCount "54"]

{Vandaag de start van het nieuwe KNSB seizoen tegen Sopsweps. Vooraf had ik me
ingesteld op een zeer zware wedstrijd. Met spelers als Peek, Riemersma, Booij
en Webbink horen ze samen met Euwe en DD tot de grootste kanshebbers in deze
klasse. Helaas voor de wedstrijd, maar gelukkig voor ons deden de eerste drie
spelers niet mee, zodat het een walkover werd. Een 6-2 overwinning die nog wel
iets hoger had kunnen uitvallen. Ik had in de competitie al 4x remise gespeeld
tegen Webbink op verschilende borden, zodat ik me alleen op hem had voorbereid.
De Winawer met 4.Pge2 of 2.d3 tegen mijn Frans zoals hij vorig jaar probeerde.
Het werd echter Frank(?) Smeele. Een speler waar ik eerlijk gezegd nog nooit
van gehoord had. Gelukkig maar want na afloop hoorde ik dat hij sinds eind
2002 niet meer verloren had in de knsb en onlangs het snelschaaktoernooi van
Sopsweps gewonnen had met 8-9 waarbij alle toppers van de partij waren.} 1. c4
{Ik had mijn teamgenoten laten weten dat ik voor een snelle remise zou gaan.
Niet door een gebrek aan strijdlust, maar omdat ik op de slechtste plek in de
zaal zat, naast de deur. Terwijl ik een paar minuten over mijn antwoord zat na
te denken, bleek plotseling dat Gertjan op bord 1 helemaal geen tegenstander
had. Naast een 1-0 voorsprong betekende dat ook dat we konden verhuizen naar
het bord van Gertjan. Aangezien Gertjan bij voorkeur Koningsindisch speelt,
besloot ik dat ook maar eens te doen.} Nf6 2. Nc3 g6 3. d4 {Kennelijk heeft
hij geen problemen met de Grünfeld anders zou hij wel 3.e4 gespeeld hebben.}
Bg7 4. e4 d6 5. f3 {Ai, de Sämisch. Ik heb er geen ervaring mee met zwart en
na 10 minuten besloot ik een variant te spelen die ik dit afgelopen jaar een
paar keer met wit bekeken heb.} O-O 6. Be3 c5 {Volgens velen heeft de Sämisch
dankzij deze zet veel van zijn populariteit verloren.} 7. dxc5 {De principiële
zet. Meestal wordt de voorkeur gegeven aan 7.Pge2.} dxc5 8. Qxd8 ({Eerder dit
jaar heb ik Han Mawira een paar keer lastig gevallen met} 8. Bxc5 Nc6 9. Qa4 $5
{Een enigszins bizar idee waarmee Jacob Murey een paar keer succesvol was.})
8... Rxd8 9. Bxc5 Nc6 10. Nd5 {Deze zet gold sinds Karpov-Barle 1975, als de
weerlegging van de zwarte opzet. Het duurde enkele jaren voor men zwart's
volgende zet ontdekte die het hele systeem weer speelbaar maakt voor zwart.} ({
Zelf raakte ik voor de zomer geboeid door} 10. Nge2 Nd7 11. Bf2 $1 {Tot voor
ko rt was alleen Le3 of La3 bekend wat als goed bekend staat voor zwart.} Nde5
({In onze playoffs speelde Gertjan het mindere} 11... Nb6 {wat ik helaas niet
heb kunnen afstraffen.}) 12. Nf4 Na5 {Dit speelde Gertjan onlangs in een
vluggertje tegen mij. Dit is m.i. de juiste methode. Ik kwam verloren te staan
maar won toen alsnog.}) (10. Ba3 a5 11. Rd1 Be6 12. Nd5 Nb4) 10... Nd7 $1 11.
Nxe7+ {Ik dacht dat dit een mindere voortzetting was, maar nog geen twee weken
geleden speelde het theoriebeest Erwin l'Ami dit ook tegen Stellwagen in het
Nederlands Kampioenschap. Hij moet dit dus wel goed bestudeerd hebben en tot
de conclusie zijn gekomen dat dit wit de beste kansen biedt.} ({Karpov gaf
hier in de jaren 80 de voorkeur aan} 11. Bxe7 Nxe7 12. Nxe7+ Kf8 13. Nd5 Bxb2
14. Rb1 Bg7 {maar zwart heeft met zijn controle over de zwarte velden en de
potentiële witte zwaktes op a2 en c4 ruim voldoende compensatie voor de pion,
aldus Gelfand in zijn recent uitgekomen voortreffelijke boek "My most
memorable games".}) 11... Nxe7 12. Bxe7 Bxb2 13. Bxd8 ({Na de partij kwamen we
tot de conclusie dat mogelijk} 13. Rb1 {beter was geweest en dat was ook wat
L'Ami speelde.} Bc3+ 14. Kd1 ({Wij hadden, samen met Gertjan, alleen gekeken
naar} 14. Kf2 {een leuke partij hiermee is} Bd4+ 15. Kg3 Re8 16. Bg5 Nf6 $1 {
Die hadden wij niet gezien.} 17. Nh3 Nh5+ 18. Kh4 Kg7 $1 19. g4 h6 20. Bxh6+
Kxh6 21. gxh5 f5 22. Kg3 fxe4 23. Bg2 gxh5 24. f4 Rg8+ 25. Ng5 h4+ {en mat op
de volgende zet Gil Capape - Howell, Gausdal 1986.}) 14... Re8 15. Ne2 Bg7 ({
Als beter geldt} 15... Be5 {maar daar zal L'Ami wel iets op gevonden hebben.})
16. Bh4 f5 17. exf5 Nc5 18. Ng3 ({Ik ben benieuwd hoe zwart verder gaat na} 18.
fxg6 {Misschien met} Bd7 19. gxh7+ Kxh7 {en hoewel de witte koning er kaal bij
staat, zie ik het nog niet en Fritz ook niet. Hopenlijk worden er ergens
analyses gepubliceerd van een van beide spelers.}) 18... Bd7 19. Be2 gxf5 20.
Nh5 Ba4+ 21. Ke1 {Hierna heeft wit niks meer, interessant was wellicht nog} (
21. Kd2 Bh6+ 22. Ke1 Re6 23. Kf1 Kf7 24. Bf2) 21... Bc2 22. Nxg7 ({Fritz geeft
nog een klein voordeeltje na} 22. Rb5 {maar na} Bd3 23. Nf4 Rxe2+ 24. Nxe2 Re8
25. Rxc5 Rxe2+ 26. Kd1 Bh6 {heeft zwart eeuwig schaak.}) 22... Kxg7 23. Rb5 Bd3
24. Rb2 Bxc4 25. Kd1 Bxe2+ 26. Rxe2 Nd3 27. Rxe8 Rxe8 28. Bg3 Nb4 29. a3 Nc6
30. Re1 Rd8+ 31. Kc2 Kf7 32. Kc3 {1/2-1/2 L'Ami,E-Stellwagen,D/Leeuwarden NED
2005}) 13... Bxa1 14. Ba5 {De witspeler had hier pas 5' gebruikt en begon pas
na mijn volgende zet serieus na te denken. De tekstzet is echter nieuw en
zeker niet beter dan andere gespeelde voortzettingen zoals bijv.} (14. Ne2 Nb6
15. Nf4 Bd7 16. Be7 Rc8 17. Kd2 Be5 18. Nd5 Nxc4+ 19. Bxc4 Rxc4 20. Nf6+ Kg7
21. Nxd7 Rd4+ 22. Ke3 Rxd7 23. Bb4 Bd4+ 24. Ke2 Rc7 25. f4 Rc4 {1/2-1/2 Stocek,
J-Zhigalko,A/Pardubice 2004/CBM 101 ext}) 14... b6 15. Bd2 Nc5 $5 {Dit vond ik
tijdens en na de partij een mooie zet, maar het voor de hand liggende en
simpele alternatief om de pion terug te winnen, is toch beter dan ik dacht en
verdiende misschien toch de voorkeur.} (15... Ba6 16. Nh3 Rc8 17. Nf4 Bxc4 18.
Bxc4 Rxc4 19. Ke2 Be5 20. Nd3 (20. Rc1 $2 Ra4 21. Rc2 f5 $1 $15) 20... Rc2 21.
Nb4 Rb2 22. a3 Nc5 $15 {en wit heeft toch problemen.}) 16. Nh3 f5 ({Fritz
geeft de voorkeur aan} 16... Bxh3 17. gxh3 Rd8 ({of} 17... f5 18. exf5 gxf5 19.
Rg1+ Kf7 20. h4) 18. Rg1 {maar beide varianten bevallen me niet zo. Zwart
helpt alleen maar de witte toren in het spel.}) 17. Nf2 ({Achteraf gaf mijn
tegenstander de voorkeur aan} 17. exf5 {om zo snel mogelijk een paard op d5 te
krijgen. Maar na} Bxf5 18. Nf4 Bb1 19. a3 Bb2 20. Be2 (20. Nd5 Nd3+ $1 21. Ke2
Bxa3 {is heel goed voor zwart.}) 20... Bxa3 21. Bc3 Bf5 {heeft zwart zijn pion
terug en staat iets beter.}) 17... Bd4 $1 (17... fxe4 18. Nxe4 Nxe4 19. fxe4
Be6 20. Bf4 {is ook niet slecht voor zwart, maar de remisemarge is te groot.})
18. Bb4 $6 {De zet is niet verliezend maar gespeeld met de verkeerde bedoeling.
} fxe4 $6 {Een beetje ongeduldig gespeeld omdat ik voelde wat wit ging doen en
dat was heel slecht.} (18... Ba6 {gevolgd door Te8 had de druk vastgehouden.})
19. Bxc5 $2 {Dit is verliezend. Zou wit echt gedacht hebben dat ik met de
loper terug zou slaan?} ({Na gewoon} 19. Nxe4 Bf5 (19... Nxe4 $2 20. fxe4 {
is zeker niet beter voor zwart.}) 20. Bc3 {is er niks aan de hand voor wit.})
19... bxc5 {Natuurlijk. Zwart komt met zijn toren vernietigend binnen op de
b-lijn.} 20. fxe4 $2 {Dit verliest kansloos.} ({Iets beter was} 20. Nxe4 Rb8
21. a3 (21. Nd6 Rb1+ 22. Kd2 Be6 $17) 21... Rb1+ 22. Kd2 Ra1 $17 {omdat nu de
witte toren eruit kan als zwart de a-pion slaat.}) 20... Rb8 21. Nd1 Rb1 {
Zwart gaat eenvoudig pion a2 ophalen en met zijn eigen a-pion promoveren. Er
is weinig tegen te doen.} 22. h3 {Na lang nadenken met een zucht gespeeld. Wit
wil zijn pionnen van de 2e rij af hebben zodra de zwarte toren op a2 slaat.} ({
Taaier was} 22. Kd2 Ra1 23. Nc3 {maar na} Bb7 24. Nd5 Rxa2+ 25. Kd3 Ra1 26. g4
a5 27. Bg2 Ra3+ 28. Ke2 a4 {wint zwart ook.}) 22... Ra1 23. Bd3 Rxa2 24. g4 a5
25. Bb1 Ra1 26. Bc2 a4 27. Kd2 a3 {En wit geeft op. Aardig om een eindspel te
winnen waarbij de loper op c8 is gebleven. De partij heeft nog geen twee uur
geduurd. Gelukkig werden de wedstrijden Caïssa - Philidor leeuwarden en Caïssa
II - Bloemendaal in dezelfde zaal in de voormalige Stadstimmertuinen gespeeld
zodat ik me niet hoefde te vervelen.} 0-1

[Event "Euwe Intern 2005/2006"]
[Site "?"]
[Date "2005.09.29"]
[Round "1.4"]
[White "Witt, Rob"]
[Black "Bödicker, Rob"]
[Result "0-1"]
[WhiteElo "2223"]
[BlackElo "2067"]
[Annotator "Witt,Rob"]
[PlyCount "88"]
[EventDate "2005.??.??"]

1. d4 e6 {Een krampachtige poging om alsnog Frans te spelen.} 2. e4 {En waarom
ook niet. Een keertje achter de witte stukken in het Frans is weer eens wat
anders.} d5 3. e5 c5 4. c3 Nc6 5. Nf3 Qb6 6. a3 Nh6 {Ha het systeem wat ik
zelf graag met zwart speel.} 7. b4 cxd4 8. cxd4 Nf5 9. Bb2 Bd7 {Dat vond ik
wel een beetje jammer. Zelf speel ik al een paar jaar} (9... Be7 {Ik was dan
van plan om} 10. Bd3 a5 11. Qa4 {te proberen. M.i. de beste methode tegen de
zwarte opbouw. Tigran probeerde onlangs in het Rapidkampioenschap van Oud Zuid
iets soortgelijks tegen mij, maar hij had i.p. v. 10.Ld3, 10.h4 gedaan en dat
is stukken minder.}) 10. g4 Nh6 {Rob B. vertelde me achteraf dat deze methode
aanbevolen wordt in "Play the French 3" van Watson, maar hij was verder
vergeten wat er nog meer in dat boek stond. Ik zou het ook niet weten.} 11. Rg1
{Hier wordt veel vaker 11.h3 gespeeld. Ik begrijp niet waarom dat beter zou
zijn.} f6 {Zo speelde ik zelf ook met zwart tegen Micha Leuw in het
SGA-kampioenschap 2002. Deze buitengewoon interessante partij is met analyses
te vinden op het EOL1000 partijen bestand dat Wim gemaakt heeft.} 12. exf6 {
De normale zet.} ({Micha speelde tegen mij het mogelijk van Afek afgekeken
onbekende} 12. g5 fxg5 13. Rxg5 Nf5 14. Bd3 Nce7 $11 ({Ook nu, ruim 3 jaar
later geeft mijn nieuwere versie van Fritz de voorkeur aan} 14... Be7 {en
neemt mijn destijds aanbevolen kwaliteitsoffer niet serieus:} 15. Bxf5 Bxg5 16.
Nxg5 exf5 17. e6 Bc8 18. Nc3 O-O {eerst -1,47 volgens Fritz maar al gauw 0.00
wegens de volgende zet} 19. Nxd5 Qd8 20. Qh5 h6 21. Nf7 Qxd5 {en nu ziet
Fritz8 wel dat het geen eeuwig schaak is maar gewonnen na} 22. Nxh6+ gxh6 23.
Qg6+ Kh8 24. Kd2 {enzovoort. Die programma's worden toch elk jaar sterker.}))
12... gxf6 13. Nc3 Qc7 {Tijdverbruik wit: 5', zwart 17'. De tekstzet is nieuw.
Gebruikelijk is} (13... Nf7 14. Na4 Qc7 15. Rc1 Qf4 {zoals voorkwam in twee
partijen van Lputian. Dit ziet er op het eerste gezicht niet slecht uit voor
zwart.}) 14. Qd2 {10'. Dit leek me tijdens de partij heel logisch. De dame
beschermt veld f4, ondersteunt een eventueel g4-g5 en is tevens op weg naar
het mooie veld e3. Achteraf geef ik toch de voorkeuraan} (14. h4 Nf7 (14... Qf4
$2 {is zinloos wegens} 15. Bc1 $16) 15. g5 {en ik geef de voorkeur aan wit.})
14... Nf7 15. h4 Nd6 {28'} 16. Qe3 $6 {15'. Ik speelde de hele partij een
beetje op gevoel zonder veel uit te rekenen. Een afscheidsborrel op mijn werk
was daar debet aan.} ({Beter was} 16. g5 {wat ik naliet wegens} Ne4 {maar dan
volgt krachtig} 17. Nxe4 dxe4 18. d5 exf3 19. dxc6 Bxc6 20. Qe3 $1 {en zwart
heeft grote problemen.}) 16... Ne7 {33'} (16... O-O-O $5 {kwam in aanmerking.})
17. Rc1 $6 {Zonder nadenken deze schablonezet. Opnieuw beter was} (17. g5 {
hoewel minder sterk dan op de vorige zet.} Bg7 (17... Ndf5 18. Qc1 $5) 18. gxf6
Bxf6 19. Qh6 Ng6 20. h5 Nf5 21. Qd2 Nge7 $13) 17... Qd8 {Inmiddels staat zwart
eerder iets beter. Positie was echter dat AZ zojuist 1-1 heeft gescoord vlak
voor rust.} 18. h5 $2 {18'. Een slechte zet. Ik geloof dat ik Lg7 en 0-0 wilde
bemoeilijken, maar het is veel belangrijker om de zwarte loper van h6 weg te
houden.} ({Opnieuw was} 18. g5 {de aangewezen zet.}) 18... Rc8 {43'} 19. Nd2 $6
(19. Qf4 {verhindert ook Pc4 en was beter.}) 19... Rg8 $6 {47'} ({Sterker was} 
19... Nf7 20. f4 Bh6 $15) 20. Rg3 {28' Om de toren gedekt te hebben. Maar
beter was} (20. Bd3 Nef5 21. Qf4 Kf7 (21... Bh6 22. Qh2 $1) 22. Ne2 Rxc1+ 23.
Bxc1 Qc7 {met onduidelijke stelling.}) 20... Nf7 (20... Kf7 $5) 21. f4 $2 {35'}
(21. Bd3 Bh6 22. Qf3 $13) 21... Bh6 22. Nf3 Qb6 {Hier begon ik me
ongemakkelijk te voelen. Zwart begint met de dreiging e5 te werken, maar AZ
had inmiddels 2-1 gescoord. Met nog 10' te spelen had AZ nog 1 doelpuntje
nodig. Dat gebeurde 5' later.} (22... Kf8 23. Bd3 Nd6 $15) 23. Kf2 $2 {49'.
Ondanks een kwartiertje nadenken, niet de juiste oplossing, maar ik zag niks
bevredigends meer. Fritz heeft natuurlijk wel een veel betere verdediging
verzonnen:} (23. Rg2 {zodat de toren gedekt staat.} e5 ({Beter is} 23... Qd6
24. Ne2) 24. g5 $1 exf4 $4 25. Qxe7+ Kxe7 26. Nxd5+ {met stukwinst.}) 23... Qd6
$2 {Waarschijnlijk wil Rob B. het overzichtelijk houden.} ({Sterker was} 23...
e5 24. g5 {de enige zet.} (24. dxe5 $2 Qxe3+ ({of} 24... Bxf4) 25. Kxe3 fxe5
$19) (24. Ne2 $2 Rxc1 25. Bxc1 Nd6 26. dxe5 Ne4+ 27. Kg2 Qxe3 28. Bxe3 Nxg3 $19
) 24... fxg5 (24... exf4 25. Qxf4) 25. Nxe5 gxf4 26. Rxg8+ Nxg8 27. Qd3 Nxe5
28. Re1 Bg7 29. Nxd5 Qd8 30. Rxe5+ Bxe5 31. dxe5 Qh4+ {en ook hier staat zwart
gewonnen, maar het is een lastige variant in de vooruitberekening.}) 24. Ne2
Rxc1 {Tijd over: wit 39', zwart 19'} 25. Qxc1 $2 {37'. Ik hoopte met mijn dame
binnen te komen op c8, maar daar staat ie alleen maar buitenspel.} (25. Bxc1
Bb5 26. Rg2 {en wit staat nog.}) 25... Bb5 {17'} 26. g5 Bxe2 $2 {16'. De
verkeerde volgorde.} ({Eerst} 26... fxg5 27. fxg5 Nxg5 28. Nxg5 {en dan pas}
Bxe2 29. Bxe2 Bxg5 30. Bb5+ Kd8 31. Rxg5 Qh2+ 32. Kf1 (32. Ke1 Qh4+ {wint ook.}
) 32... Rf8+ 33. Ke1 Rf2 {met winst. De loper op b2 moet de dame blijven
dekken.}) 27. Bxe2 Nf5 $2 {13'} (27... fxg5 28. Bd3 Qxf4 29. Bxh7 {is goed
voor zwart maar wit kan nog vechten.}) 28. Rg1 $6 {33'} (28. Qc8+ Nd8 29. Rg4
fxg5 30. Qc5 {en het is eerder wit die beter staat.}) 28... fxg5 29. Qc8+ Nd8
30. Ne5 {25'} a6 {10'. Haalt het schaakje op b5 eruit.} ({Misschien was Rob B.
bang voor} 30... Rg7 $5 31. Bb5+ Kf8 32. Bd7) 31. Ke1 $2 {23'} ({Op het voor
de hand liggende} 31. Bd3 {was ik bang voor} Rf8 {maar dat was niet zo erg.
Wit speelt dan} 32. Ke2 gxf4 33. Kf3 {met onduidelijke stelling.}) 31... Rg7 $1
{9'. een mooie zet die ik gemist had.} 32. Bd3 {15'} Rc7 33. Qa8 {6'} Qe7 $6 (
33... gxf4 34. Rg8+ Bf8 $15) 34. Nf3 $2 {11'} (34. fxg5 Bxg5 35. Qb8 {is weer
volkomen onduidelijk.}) 34... Bg7 $6 {4'} ({Er was niks tegen} 34... gxf4 35.
Rg8+ Bf8 $17) 35. fxg5 $2 {Overziet zwarts volgende zet.} ({Betere
verdedigingskansen bood} 35. Rxg5 {zodat de zwarte dame niet snel binnen kan
komen.}) 35... Qd6 $1 $19 36. Ne5 {7'. Ik had gerekend op} (36. Bxf5 {maar dan
komt winnend} Qf4 $1) ({Relatief het beste was} 36. h6 Bxd4 $1 37. Nxd4 Qe5+
38. Ne2 Qxb2 39. g6 {Maakt het nog even spannend in tijdnood.} Rc1+ 40. Kf2
Rxg1 41. Kxg1 hxg6 42. h7 Qg7 $19) 36... Bxe5 {3'} 37. dxe5 Qb6 38. Kf1 Ne3+
39. Ke2 Nc4 $1 40. Rg3 Rf7 41. Bxc4 Qf2+ 42. Kd1 Qxg3 43. Be2 Qb3+ 44. Kc1 Rc7+
{en we konden ons naar de bar begeven.} 0-1

[Event "Euwe Intern 2005/2006"]
[Site "?"]
[Date "2005.10.13"]
[Round "1.6"]
[White "Witt, Rob"]
[Black "Zult, Daan"]
[Result "1-0"]
[WhiteElo "2223"]
[BlackElo "2239"]
[Annotator "Witt,Rob"]
[PlyCount "71"]
[EventDate "2005.??.??"]

{Leuk om weer eens tegen Daan te spelen. We hebben hem een tijdje niet gezien
want hij is aan het afstuderen. We begonnen wat later en hadden allebei 1.20'
voor 40 zetten.} 1. Nf3 c5 2. c4 Nf6 3. Nc3 d5 4. cxd5 Nxd5 5. e3 {Niet zo
gebr uikelijk, maar ik speel het wel eens in vluggertjes tegen Mawira met wit
en met zwart. In Lost Boys maakte ik een plusremise tegen Sipke Ernst en
Mawira een goede remise tegen Taco Vrenegoor en winst op Overeem. Dat laatste
lag echter niet aan de opening.} ({Kramnik speelt hier} 5. d4 {wat ik ook een
paar keer met succes gespeeld heb, o.a. tegen Nirav Christoph.}) ({en het
interessants is m.i.} 5. e4 Nb4 6. Bc4 Nd3+ 7. Ke2 Nf4+ 8. Kf1 Ne6 9. b4 $5
cxb4 {waarmee Leko een keer in de pan gehakt is.}) 5... Nc6 ({Ernst speelde
tegen mij het mindere} 5... g6) ({Het beste is waarschijnlijk} 5... Nxc3 6.
bxc3 g6 {zoals Kasparov het speelde tegen Bareev.}) 6. Bb5 Ndb4 7. a3 ({
Een andere goede zet is} 7. d4 cxd4 8. exd4) ({Mawira speelde tegen Overeem
zwakker} 7. Ne5 Qd6 {en kwam al snel in problemen.}) 7... Nd3+ 8. Ke2 Nxc1+ (
8... Bf5 $5) 9. Rxc1 Bd7 10. d4 a6 {Verbruikte tijd: wit 15'; zwart 23'.} 11.
Bxc6 Bxc6 12. dxc5 {25'.} Qa5 13. Nd4 $6 {A tempo gespeeld, omdat ik hem
gepland had bij mijn vorige zet.} ({Sterker was echter} 13. Ne5 $1 Qxc5 (13...
Bxg2 $4 {kan niet wegens mat.}) 14. Nxc6 Qc4+ 15. Kf3 bxc6 16. Qa4 {met een
structureel voordeeltje voor wit.}) 13... Bxg2 {Over: wit 55'; zwart 35'.Nu
kan dit wel.} 14. Rg1 Rd8 $2 {31'.} ({Noodzakelijk was} 14... Bc6 15. Nxc6 bxc6
16. Qa4 Qxa4 (16... Qxc5 17. Rg5 $1 $16) 17. Nxa4 $14) 15. Rxg2 {43' Het
duurde een tijdje voor ik doorhad dat dit beter was dan een damezet.} e5 16.
Qc2 exd4 17. Qe4+ {Deze manoeuvre moet Daan gemist hebben.} Be7 18. Nd5 {32'.}
({Ook goed was} 18. exd4 O-O 19. Rxg7+ $1 {Fritz. Ik had alleen naar
koningszetten gekeken.} Kxg7 20. Qe5+ Kh6 21. Rg1 Rg8 22. Rxg8 Rxg8 23. Qxe7
Qd8 24. Qxf7 $18) 18... Rd7 {21'.} ({Relatief het beste was denk ik} 18... Qb5+
19. Kf3 Qd7 20. Nxe7 Qxe7 21. exd4 ({Sterker dan} 21. Qxe7+ Kxe7 22. Rxg7 dxe3
23. fxe3 $16) 21... Qxe4+ 22. Kxe4 O-O 23. b4 $16) 19. Qxd4 $1 {29'.} (19. Rxg7
dxe3 20. fxe3 Qb5+ 21. Kf3 Qc6 22. Nxe7 Rxe7 23. Qxc6+ bxc6) 19... Qb5+ {18'}
20. Ke1 Qc6 ({Taaier was} 20... Rg8) 21. Rd1 {25'.} ({Daan hoopte op} 21. Qxg7
Qxd5 22. Qxh8+ Bf8 {en er hangen twee torens bij wit. Ik had dit ook gezien
tijdens de partij. Wit heeft echter simpel} 23. f3 {wat alles verhindert, ook}
Qxf3 24. Qe5+ Re7 25. Qb8+ Kd7 26. Rd1+ Ke6 27. Qc8+ Ke5 28. Qxf8 {enzovoort.})
21... Bd8 {nog 3'.} ({Het taaiste was opnieuw} 21... Rg8) 22. Rxg7 {22'.} Kf8
23. Rg4 {19'.} f6 24. b4 {14'.} Kf7 25. Qe4 {13'.} a5 {1'.} 26. Qf5 axb4 27.
axb4 Be7 28. Rdd4 {11'.} Qa4 29. Kf1 Qa6+ 30. Kg1 Qc6 31. Nxf6 {8'.} Rxd4 32.
Nd5+ Ke8 33. exd4 Rf8 34. Qe5 Rf7 35. Rg8+ Kd7 36. Nb6+ {Een goeie revanche
voor mijn nederlaag tegen Daan in de knsb-beker waar ik een +5 stelling (Fritz)
nog wist te verknoeien.} 1-0